Statistics for Southeast Asian Capitals on a Map

Click here to take the quiz!

General Stats

  • This quiz has been taken 147 times
  • The average score is 8 of 11

Answers on the Map

Answers color-coded by a green-red scale on the quiz's map according to % correct below.
 

Answer Stats

CountryCapital% Correct
SingaporeSingapore
92%
PhilippinesManila
87%
IndonesiaJakarta
86%
ThailandBangkok
85%
VietnamHanoi
79%
East TimorDili
72%
Kuala LumpurKuala Lumpur
69%
LaosVientiane
68%
Phnom PenhPhnom Penh
65%
BruneiBandar Seri Begawan
51%
MyanmarNaypyidaw
51%

Score Distribution

Percentile by Number Answered

Percent of People with Each Score

Your Score History

You have not taken this quiz